000 00302nam a22001217a 4500
999 _c13575
_d13575
082 _a297.122
100 _aشفق صدیقی
245 _aشاہراہ جنت
260 _aڈنمارک
_bانجمن فروغ اردو
_c٢٠١٤
300 _a412 صفحات
650 _aShahrah-e-Jannat
942 _cBK